000 00700nam a2200241 i 4500
001 C2-0337137
003 PPAK
005 20180728135954.0
008 160718s2013 cc a|||| ||||| | chi d
020 _a9787551107662
040 _aPPAK
_beng
_cPPAK
_erda
082 0 4 _a895.1
_223
090 0 0 _a895.1
_bGAO
_dG
100 1 _aGao, Zhang Mei,
_eauthor
245 1 0 _aMing jia ming pian jin xiao yuan
264 1 _aBeijing :
_bHua shan wen yi chu ban she ,
_c2013
300 _a169 pages :
_billustrations ;
_c24 cm
336 _2rdacontent
_atext
337 _2rdamedia
_aunmediated
338 _2rdacarrier
_avolume
650 1 0 _aShort stories, Chinese. ; Chinese literature.
942 _ddc
_cB
999 _c134849
_d134849